Online
Catalog

En la sangre / (Record no. 4491)

MARC details
000 -CABECERA
campo de control de longitud fija 00714nam a2200205 a 4500
001 - NÚMERO DE CONTROL
campo de control 000004685
005 - FECHA Y HORA DE LA ÚLTIMA TRANSACCIÓN
campo de control 20200929151459.0
008 - DATOS DE LONGITUD FIJA--INFORMACIÓN GENERAL
campo de control de longitud fija 810706s1984 sp 000 f spa
020 ## - NÚMERO INTERNACIONAL ESTÁNDAR DEL LIBRO
Enlace entre campo y número de secuencia 427607008
040 ## - FUENTE DE LA CATALOGACIÓN
Centro catalogador/agencia de origen DO-SdBNP
082 ## - NÚMERO DE LA CLASIFICACIÓN DECIMAL DEWEY
Número de clasificación Ar863.2
Número de documento/Ítem C174e
100 1# - ENTRADA PRINCIPAL--NOMBRE DE PERSONA
Nombre de persona Cambaceres, Eugenio
Forma completa/desarrollada del nombre (Eugenio Cambaceres Alais),
Fechas asociadas al nombre 1843-1890.
9 (RLIN) 13644
245 10 - MENCIÓN DE TÍTULO
Título En la sangre /
Mención de responsabilidad, etc. Eugenio Cambaceres ; edición, Claude L. Cymerman.
260 ## - PUBLICACIÓN, DISTRIBUCIÓN, ETC.
Lugar de publicación, distribución, etc. Madrid :
Nombre del editor, distribuidor, etc. Nacional,
Fecha de publicación, distribución, etc. 1984.
300 ## - DESCRIPCIÓN FÍSICA
Extensión 239 p. ;
Dimensiones 18 cm.
440 #0 - MENCIÓN DE SERIE/PUNTO DE ACCESO ADICIONAL--TÍTULO
Título Biblioteca de la Literatura y el Pensamiento Hispánico ;
Designación de volumen o secuencia no. 68
9 (RLIN) 13645
650 #4 - PUNTO DE ACCESO ADICIONAL DE MATERIA--TÉRMINO DE MATERIA
Término de materia o nombre geográfico como elemento de entrada Novela argentina
9 (RLIN) 3941
650 #4 - PUNTO DE ACCESO ADICIONAL DE MATERIA--TÉRMINO DE MATERIA
Término de materia o nombre geográfico como elemento de entrada Literatura argentina
Subdivisión cronológica SIGLO XIX
9 (RLIN) 13646
700 1# - PUNTO DE ACCESO ADICIONAL--NOMBRE DE PERSONA
Nombre de persona Cymerman, Claude L.,
Término indicativo de función/relación ed.
9 (RLIN) 13647
Holdings
Estado de retiro Estado de pérdida Restricciones de uso No para préstamo Código de colección Localización permanente Ubicación/localización actual Ubicación en estantería Fecha de adquisición Número de inventario Total de préstamos Signatura topográfica completa Código de barras Fecha visto por última vez Precio válido a partir de Tipo de ítem Koha
    Préstamo interno   Monografías: Libros y Folletos General General En catalogación 24.07.2009 LF1   Ar863.2 C174e 4685-10 25.06.2020 25.06.2020 Préstamo interno

Powered by Koha